The Friday Multiple Choice Quiz (General Knowledge) #26 - Statistics

General Stats
  • This quiz has been taken 5 times
  • The average score is 4 of 10
Answer Stats
Question Answer % Correct
Of the seven Harry Potter novels which is the only one that was filmed in two parts? Harry Potter and the Deathly Hallows
100%
Which bird has the longest wingspan? Great Albatross
75%
What kind of animal is a 'caracal'? Wildcat
50%
The record low paying attendance for an English Football League match was set on 7th May 1921 when Stockport County played Leicester City. How many people paid to get in to see this fixture? 13
25%
'Cavendish' is a variety of which fruit? Banana
25%
Complete this lyric from the 1935 song 'Lullaby of Broadway' - "When a Broadway baby says goodnight..." It's early in the morning
25%
In 2026 who won the Best Actress award in both the Oscars and the Baftas? Jessie Buckley
25%
Who wrote the 1992 novel 'The Children Of Men'? PD James
25%
What is an informal name for a young snake? Snakelet
25%
In 1965 which singer had a UK top 20 hit with 'All Over The World' Françoise Hardy
0%
No matching quizzes found
Score Distribution
Percent of People with Each Score
Percentile by Number Answered
Your Score History
You have not taken this quiz